University Home | Library Home | Institutional Repository

The crystal and molecular structure of orthorhombic trisodium tris (pyridine -2, 6-dicarboxylato) ytherbiumate (III)- 14-hydrate. (Record no. 153457)

MARC details
000 -LEADER
fixed length control field 00826cam8a220022900 4500
001 - CONTROL NUMBER
control field tmp15372938
003 - CONTROL NUMBER IDENTIFIER
control field UPRA
005 - DATE AND TIME OF LATEST TRANSACTION
control field 20190823112630.0
008 - FIXED-LENGTH DATA ELEMENTS--GENERAL INFORMATION
fixed length control field 950801r1970 sw eng u
035 ## - SYSTEM CONTROL NUMBER
System control number (Sirsi) r15096
035 ## - SYSTEM CONTROL NUMBER
System control number (UPRA)tmp15372938
040 ## - CATALOGING SOURCE
Transcribing agency UPRA
100 1# - MAIN ENTRY--PERSONAL NAME
Personal name Albertsson, Jorgen.
Linkage A71421.1
245 14 - TITLE STATEMENT
Title The crystal and molecular structure of orthorhombic trisodium tris (pyridine -2, 6-dicarboxylato) ytherbiumate (III)- 14-hydrate.
260 ## - PUBLICATION, DISTRIBUTION, ETC.
Place of publication, distribution, etc. Lund,
Date of publication, distribution, etc. 1970.
440 #0 - SERIES STATEMENT/ADDED ENTRY--TITLE
Title Structural studies on the rare earth carboxylates ;
Volume/sequential designation no. 4
Linkage S11350.1
500 ## - GENERAL NOTE
General note Reprint from Acta Chem. Scand. v. 24 (1970) no. 4.
650 #0 - SUBJECT ADDED ENTRY--TOPICAL TERM
Topical term or geographic name entry element Earths, Rare.
Linkage S53714.1
830 #0 - SERIES ADDED ENTRY--UNIFORM TITLE
Uniform title Acta chemica Scandanavia ;
Volume/sequential designation v.24 (1970) no. 4.
Linkage S11352.1
949 ## - LOCAL PROCESSING INFORMATION (OCLC)
a QD172
w lcc
i -9461
m MAIN
t BOOK
l ON-SHELF

No items available.

© 2026 - The University of Zambia Library - Koha v25.11